Movies Quiz

Random Movies or Alphabet Quiz

2010s Movies A-Z Quiz Stats

 Plays Quiz Updated Aug 11, 2018

Score 0/26 Timer 06:00
2 Plays Today
% Correct
The Avengers
97.3%
The Wolf of Wall Street
88.5%
X-Men: Days of Future Past
88.1%
Django Unchained
85.4%
Inception
85.3%
La La Land
84.7%
The Revenant
80.8%
The King's Speech
80.7%
Get Out
79.2%
The Social Network
78.3%
Pitch Perfect
77.4%
Creed
77%
Easy A
76.9%
% Correct
Her
68.7%
A Quiet Place
64.7%
The Fighter
56.6%
Ouija: Origin of Evil
56.2%
Boyhood
53.5%
Zero Dark Thirty
49.9%
Manchester by the Sea
47.2%
Joy
41.3%
The Nice Guys
39.5%
The Town
38%
Valerian & the City of a Thousand Planets
31.2%
Under the Skin
15.6%
You’re Next
14.3%

You're not logged in!

Compare scores with friends on all Sporcle quizzes.
OR
Log In

Sporcle TV

Today on Sporcle TV


Watch our educational content, quiz creation guides, and fun videos on Sporcle TV.

Show Comments

Extras

Top Quizzes Today


Score Distribution

Your Account Isn't Verified!

In order to create a playlist on Sporcle, you need to verify the email address you used during registration. Go to your Sporcle Settings to finish the process.

Report this User

Report this user for behavior that violates our Community Guidelines.

Details: